STATISTICAL METHODS. (Record no. 217007)

MARC details
000 -LEADER
fixed length control field 00523nam a22001937a 4500
008 - FIXED-LENGTH DATA ELEMENTS--GENERAL INFORMATION
fixed length control field 260420b |||||||| |||| 00| 0 eng d
020 ## - INTERNATIONAL STANDARD BOOK NUMBER
International Standard Book Number 978-0-12-823043-5
050 ## - LIBRARY OF CONGRESS CALL NUMBER
Classification number QA 276.12 .M16 2022.
100 ## - MAIN ENTRY--PERSONAL NAME
Personal name MOHR, DONNA L.
245 ## - TITLE STATEMENT
Title STATISTICAL METHODS.
250 ## - EDITION STATEMENT
Edition statement 4TH.
260 ## - PUBLICATION, DISTRIBUTION, ETC.
Place of publication, distribution, etc. LONDON,
Name of publisher, distributor, etc. ELSEVIER, ACADEMIC PRESS.
Date of publication, distribution, etc. 2022.
300 ## - PHYSICAL DESCRIPTION
Extent XXI, 745 P,
500 ## - GENERAL NOTE
General note INCLUDES INDEX
650 ## - SUBJECT ADDED ENTRY
Topical term or geographic name entry element STATISTICS
700 ## - ADDED ENTRY--PERSONAL NAME
Personal name WILSON, WILLIAM J. FREUND, RUDOLF J.
942 ## - ADDED ENTRY ELEMENTS (KOHA)
Source of classification or shelving scheme Library of Congress Classification
Koha item type Long Loan Book

No items available.